000 00685nam a2200265Ia 4500
003 OSt
005 20220912151504.0
006 a|||||r|||| 00| 0
007 ta
008 220909b |||||||| |||| 00| 0 eng d
024 _a41778
037 _cTextual
040 _aCSL
_beng
_cCSL
041 _aeng
082 _aG111:3, M0
100 _aCurtis A S G
245 0 _aCell adhesion and motility
260 _aCambridge
_bCambridge University Press
_c1980
300 _a500p.
_ccm.
650 _a Cell adhesion
650 _aBiology
700 _a Pitts J A Ed.
942 _hG111:3, M0
_cTEXL
_2CC
999 _c69757
_d69757